000 00669nam a2200193Ia 4500
003 GCL
008 140319s9999 xx 000 0 ara d
040 _aGCL /
_cGCL
082 0 4 _a247.82
_bح ع
100 1 _aحسين خلف الجبورى
245 1 0 _aعوارض الاهلية عند الاصوليين /
_cحسين خلف الجبورى
250 _aالاولى
260 _aالرياض :
_bمعهد البحوث العلمية واحياء التراث الاسلامى ،
_c1988
300 _a598 ص ؛
_c24 سم
650 0 4 _aالاحوال الشخصية للمسلمين
650 0 4 _aالاهلية
650 0 4 _aالامامية
942 _2ddc
_cBK
999 _c7001
_d7001